Welcome to CU Library Online Public Access Catalogue (OPAC)

Introduction to health services / (Record no. 3437)

MARC details
000 -LEADER
fixed length control field 00956cam a22002534a 4500
001 - CONTROL NUMBER
control field 14923155
005 - DATE AND TIME OF LATEST TRANSACTION
control field 20250204155933.0
008 - FIXED-LENGTH DATA ELEMENTS--GENERAL INFORMATION
fixed length control field 070710s2008 nyua b 001 0 eng
020 ## - INTERNATIONAL STANDARD BOOK NUMBER
International Standard Book Number 9781418012892 (hardcover)
020 ## - INTERNATIONAL STANDARD BOOK NUMBER
International Standard Book Number 1418012890 (hardcover)
050 00 - LIBRARY OF CONGRESS CALL NUMBER
Classification number RA395.A3
Item number I495 2008
082 00 - DEWEY DECIMAL CLASSIFICATION NUMBER
Classification number 362.10973
Edition information 22
245 00 - TITLE STATEMENT
Title Introduction to health services /
Statement of responsibility, etc. edited by Stephen J. Williams, Paul R. Torrens.
250 ## - EDITION STATEMENT
Edition statement 7th ed.
260 ## - PUBLICATION, DISTRIBUTION, ETC.
Place of publication, distribution, etc. Clifton Park, NY :
Name of publisher, distributor, etc. Thomson Delmar Learning,
Date of publication, distribution, etc. c2008.
300 ## - PHYSICAL DESCRIPTION
Extent vii, 384 p.
Other physical details ill. (some col.) ;
Dimensions 24 cm.
650 #0 - SUBJECT ADDED ENTRY--TOPICAL TERM
Topical term or geographic name entry element Medical care
Geographic subdivision United States.
650 #0 - SUBJECT ADDED ENTRY--TOPICAL TERM
Topical term or geographic name entry element Health services administration
Geographic subdivision United States.
650 12 - SUBJECT ADDED ENTRY--TOPICAL TERM
Topical term or geographic name entry element Health Services
Geographic subdivision United States.
700 1# - ADDED ENTRY--PERSONAL NAME
Personal name Williams, Stephen J.
Fuller form of name (Stephen Joseph),
Dates associated with a name 1948-
700 1# - ADDED ENTRY--PERSONAL NAME
Personal name Torrens, Paul R.
Fuller form of name (Paul Roger),
Dates associated with a name 1934-
856 41 - ELECTRONIC LOCATION AND ACCESS
Materials specified Table of contents only
Uniform Resource Identifier <a href="http://www.loc.gov/catdir/toc/ecip0722/2007028380.html">http://www.loc.gov/catdir/toc/ecip0722/2007028380.html</a>
942 ## - ADDED ENTRY ELEMENTS (KOHA)
Source of classification or shelving scheme Library of Congress Classification
Koha item type Books
Edition 7th ed.
Suppress in OPAC No
999 ## -
-- 3437
-- 3437
Holdings
Withdrawn status Lost status Source of classification or shelving scheme Damaged status Not for loan Collection Home library Current library Shelving location Date acquired Total checkouts Full call number Barcode Date last seen Copy number Price effective from Koha item type
    Library of Congress Classification     Non-fiction Science Library (Miotso) Science Library (Miotso) General stacks 02/04/2025   RA395 .A3157 INT SLM00002853 02/04/2025 1 02/04/2025 Books
© 2023-2024 Copyright: Central University Libraries. All Rights Reserved | Created by: Mahone Tech Office